Villes du Monde sur une carte par lettre - J - Statistiques

Statistiques générales
  • Ce quiz a été pris 13 825 fois
  • Le résultat moyen est 4 sur 12
Réponses sur la Carte
Les réponses sont colorées sur une échelle allant du rouge au vert en fonction du pourcentage des utilisateurs qui les ont devinées à leur premier essai. Vous pouvez retrouver ces pourcentages ci-dessous.
 
Statistiques - réponses
Villes % Correct
Jakarta
93%
Johannesbourg
85%
Jérusalem
84%
Jacksonville
45%
Jaipur
39%
Juneau
29%
Jerez de la Frontera
21%
Jeju
19%
Johor Bahru
10%
Jinan
8%
Jilin
7%
Jammu
6%
Aucun quiz correspondant
Distribution des résultats
% des personnes avec chaque résultat
Percentile par nombre de réponses
Votre historique - résultats
Vous n’avez pas pris ce quiz